[Event "DDR-ch29 playoff Gruenberg-Voigt +1-1=2"]
[Site "Berlin East"]
[Date "1980.03.15"]
[Round "4"]
[White "Vogt, Lothar"]
[Black "Gruenberg, Hans Ulrich"]
[Result "1/2-1/2"]
[WhiteElo "2510"]
[BlackElo "2385"]
[Annotator "Vogt,L"]
[PlyCount "130"]
[EventDate "1980.03.12"]
[EventType "match"]
[EventRounds "4"]
[EventCountry "DDR"]
[SourceTitle "EXT 2006"]
[Source "ChessBase"]
[SourceDate "2005.11.24"]
[SourceVersion "1"]
[SourceVersionDate "2005.11.24"]
[SourceQuality "1"]

1. e4 e6 2. d4 d5 3. Nd2 c5 4. exd5 Qxd5 5. Ngf3 cxd4 6. Bc4 Qd6 7. O-O Nf6 8.
Nb3 Nc6 9. Nbxd4 Nxd4 10. Nxd4 Be7 11. b3 {Ein guter Aufbau.} ({Auch} 11. Nb5 {
bringt leichten Vorteil.}) 11... O-O 12. Bb2 a6 13. Qf3 Qc7 14. a4 Bd7 15. Rfe1
Rfe8 16. h3 Rad8 17. Qc3 $5 Qb8 18. a5 Qc8 19. Qg3 Nh5 20. Qf3 Nf6 21. Re5 $6
h6 $1 22. Re2 Nh7 23. Bd3 Bf6 $11 24. h4 e5 $2 (24... Nf8 {war richtig.}) ({
bzw.} 24... Bxh4 $4 25. Qe4 {Nach dem Fehler e6-e5 können die weissen Figuren
spielen.}) 25. Nf5 Bc6 ({Der Figurengewinn} 25... e4 26. Rxe4 Rxe4 27. Bxe4
Bxb2 {gestattet Weiss heftigen Angriff nach} 28. Nd6) 26. Qg3 $2 {Abermals
wirkt sich die beiderseitige Zeitnot aus.} ({Sowohl} 26. Be4) ({als auch} 26.
Nxh6+ gxh6 27. Bxh7+ Kxh7 28. Qxf6 Rg8 29. f3 Qe6 30. Qxe6 fxe6 31. Kf2 e4 $1 {
bietet Weiss bessere Chancen.}) 26... Kh8 27. Ne3 (27. Bxe5 $2 Rxd3) 27... e4
28. Bxf6 Nxf6 29. Bc4 Bb5 30. Bxb5 axb5 31. Qf4 $2 ({Eine bessere Möglichkeit
bestand in} 31. c4 $1 bxc4 32. bxc4) 31... Qc3 32. Ree1 Rd2 33. g4 Kg8 34. a6
bxa6 35. Rxa6 Rd7 36. Rea1 Nd5 $1 37. Nxd5 Rxd5 38. Ra7 Rf8 39. Qxe4 Rd4 40.
Qe2 Qc8 41. f3 Qc5 42. Qf2 {Der Abgabezug. Weiss muss auf Gewinn spielen, aber
das ist bestimmt eine unangenehme Verpflichtung.} Qd5 43. Re1 h5 44. gxh5 (44.
g5 $5) 44... Rf4 45. h6 Rxf3 46. Rd7 Qf5 47. Qg2 g6 48. Rd2 Rc8 49. Qg5 Qxg5+ {
Das reicht zum Remis.} (49... Qh3 50. Rg2 Rxc2 $4 {wegen} 51. Re8+ Kh7 52. Rh8+
$1 Kxh8 53. Qe5+ f6 54. Qe8+ Kh7 55. Qxg6+ {und #}) 50. hxg5 Rg3+ 51. Rg2 Rxg2+
52. Kxg2 Rc5 53. Kf3 Rxg5 54. c4 bxc4 55. bxc4 Rc5 56. Rc1 Kh7 57. Ke4 Kxh6 58.
Kd4 Rc8 59. Ke5 Kg5 60. c5 f5 61. c6 Re8+ 62. Kd6 f4 63. c7 f3 64. c8=Q Rxc8
65. Rxc8 Kg4 (65... Kg4 66. Ke5 f2 67. Rf8 Kg3) 1/2-1/2

[Event "Prague"]
[Site "Prague"]
[Date "1993.??.??"]
[Round "2"]
[White "Kengis, Edvins"]
[Black "Votava, Jan"]
[Result "1-0"]
[WhiteElo "2560"]
[BlackElo "2425"]
[Annotator "Wahls,M"]
[PlyCount "49"]
[EventDate "1993.09.??"]
[EventType "tourn"]
[EventRounds "9"]
[EventCountry "CZE"]
[EventCategory "10"]
[SourceTitle "CBM 037"]
[Source "ChessBase"]
[SourceDate "1993.12.01"]
[SourceVersion "1"]
[SourceVersionDate "1993.12.01"]
[SourceQuality "1"]

1. e4 e6 2. d4 d5 3. Nd2 c5 4. Ngf3 Nc6 5. Bb5 cxd4 6. Nxd4 Bd7 7. Nxc6 Bxc6 8.
Bxc6+ bxc6 9. c4 Nf6 (9... dxe4 10. Nxe4 (10. Qa4 Qb6 11. Nxe4 Bb4+ (11... Qb4+
12. Qxb4 Bxb4+ 13. Ke2 $6 (13. Bd2) 13... Nf6 $10 {Kuijf,M-Lautier,J,Lyon zt
1990}) 12. Ke2 Be7 13. b3 Nf6 14. Nxf6+ Bxf6 15. Be3 Qc7 16. Rad1 $14 {Kholmov,
R-Gavrilov,A,Moscow 1988}) 10... Bb4+ 11. Ke2 Qa5 12. Be3 Be7 13. Qd2 (13. Nd6+
) 13... Qxd2+ 14. Bxd2 Nf6 15. Nxf6+ Bxf6 16. Rab1 Bd4 17. Rhd1 O-O-O 18. b4
Rd7 19. a4 Rhd8 20. Be3 Bxe3 21. fxe3 Kc7 22. Rxd7+ Rxd7 23. a5 a6 24. b5 cxb5
25. cxb5 Kb7 26. h4 {Van der Wiel,J-Ehlvest,J,Haninge 1990 O,5-O,5}) (9... Bc5
$5 10. cxd5 (10. Qa4 Ne7 $13) (10. O-O Nf6 $10) 10... cxd5 11. exd5 (11. Qa4+
Qd7 12. Qxd7+ Kxd7 13. exd5 exd5 14. O-O Ne7 $1 $10) 11... Qxd5 (11... exd5 12.
O-O $14) 12. Qa4+ (12. O-O Nf6 $10) 12... Qd7 13. Qxd7+ Kxd7 14. Ne4 Bb6 $1 15.
Bf4 (15. Ke2 Ne7 16. Rd1+ Nd5 $10) 15... Ne7 16. O-O-O+ Nd5 17. Nc3 Kc6 18.
Nxd5 {O,5-O,5 Glek,I-Yusupov,A BRD 1991}) 10. Qa4 Qd7 11. e5 Ng4 (11... Ng8 12.
O-O Ne7 (12... Rb8 13. a3 Ne7 14. Nf3 c5 15. Qc2 Nc6 16. cxd5 exd5 17. Bg5 Nd8
18. Bxd8 Rxd8 19. e6 fxe6 20. Ne5 Qb5 21. Qd1 g6 22. Qf3 Qb7 23. Rfe1 Bg7 24.
Nxg6 Qf7 25. Qxf7+ Kxf7 26. Nxh8+ $16 {Todorovic,MG-Miljanic,B,Jug-ch 1990})
13. Nf3 h5 14. Bg5 Nf5 15. Rac1 Rb8 16. Rfd1 Be7 17. Bxe7 Nxe7 18. Rd2 Rb7 19.
Ng5 O-O 20. Qc2 Nf5 21. Qd1 f6 22. exf6 gxf6 23. Ne4 Qe7 24. Ng3 Nxg3 25. hxg3
$13 {Nikolenko,O-Gyzinski,T,Wisla BES 1992}) 12. Nf3 Bc5 $6 (12... h5 13. O-O
Rb8 14. a3 Be7 15. b4 Rb7 16. Bf4 Nh6 17. Bxh6 Rxh6 18. c5 $14 {Tseitlin,
Ma-Vaganian,R,SSSR 1971}) 13. O-O O-O 14. h3 Nxf2 15. Rxf2 f6 16. Bf4 Qc7 17.
Qc2 $16 Qb6 18. Raf1 Rac8 19. Kh2 Bxf2 20. Rxf2 c5 21. exf6 Rxf6 22. Ng5 g6 23.
Be5 Rxf2 24. Qxf2 Rf8 25. Qh4 (25. Qh4 h5 26. Ne4 $1) 1-0

[Event "SWE-ch"]
[Site "Skara"]
[Date "2002.07.13"]
[Round "12"]
[White "Berg, Emanuel"]
[Black "Brynell, Stellan"]
[Result "1-0"]
[WhiteElo "2514"]
[BlackElo "2500"]
[Annotator "Ziegler,A"]
[PlyCount "153"]
[EventDate "2002.06.30"]
[EventType "tourn"]
[EventRounds "13"]
[EventCountry "SWE"]
[EventCategory "9"]
[SourceTitle "CBM 091"]
[Source "ChessBase"]
[SourceDate "2002.11.12"]
[SourceVersion "1"]
[SourceVersionDate "2002.11.12"]
[SourceQuality "1"]

1. e4 e6 2. d4 d5 3. Nd2 c5 4. Ngf3 Nc6 5. dxc5 {Det är svårt att hävda att
man försöker få en akademisk fördel efter det här.} Bxc5 6. Bd3 Nf6 7. Qe2 {
Vit satsar på snabb pjäsutveckling i centrum.} Nb4 {Svart försöker straffa
vits öppningsspel genom att sno löparparet.} ({Det var inget fel på det
traditionella:} 7... O-O) 8. O-O ({Att gå fram till e5 har spelats förut, men
det har sina risker:} 8. e5 Nd7 9. Nb3 Nxd3+ 10. cxd3 Be7 11. Nbd4 (11. h4 h6
12. Nfd4 Nc5 (12... a5 $1) 13. Rh3 {Adams - Botterill, England 1997. Vit
tillåter inte svart få ett normalt spel. Men det är ändå lika.}) 11... Nb8 12.
O-O Nc6 {Mrva - Fish, Bratislava 1993, ger svart enkelt spel.}) 8... Nxd3 9.
cxd3 O-O 10. Nb3 Be7 11. Bg5 dxe4 {Svart började bli orolig för e5 med av byte
av svartfältarna följt av spel med springare mot löpare.} (11... h6) 12. dxe4 {
[#]Det är ovanligt med den här typställningen i Franskt, men det händer
emellanåt. Det handlar om de lätta pjäserna här. Båda måste söka aktivitet
till varje pris.} Bd7 13. Rfd1 {Vi märker att vit var mer redo än svart för
typställningen. vit står nu lite bättre, mycket tack vare svarts traditionella
problem. Damen och vitfältaren.} Qe8 14. Nbd4 {Vit ville inte låta svart komma
undan med La4.} h6 15. Bh4 Nh5 $6 {Stellan spelar ett långsiktigt drag i en
ställning där han ligger efter i tid. Sådant är farligt. Emanuel visar nu hög
klass, och hittar en forcerad sekvens som vinner bonde.} 16. Ne5 $1 ({Även} 16.
Bxe7 Qxe7 {följt av} 17. e5 {och skapandet av ett guldfält på d6 var bra.})
16... Bxh4 17. Qxh5 Bf6 (17... Bd8 {Hade undvikt den lilla bomben vit nu låter
brisera.}) 18. Nxd7 Qxd7 19. e5 Be7 20. Nf5 Qe8 {[#]} 21. Nxh6+ gxh6 22. Rd3
Kg7 23. Rg3+ Bg5 24. h4 f6 25. exf6+ Rxf6 26. Qe2 ({Vit kunde lika gärna bytt
med en gång, men Emanuel vill först presentera lite problem för Stellan.} 26.
Qxe8) 26... Rf5 27. hxg5 hxg5 28. Re3 Qb5 29. Rxe6 Qxe2 30. Rxe2 {[#]Stellan
fick som han ville. Slutspelet som följer är normalt vinst vid korrekt spel.}
Rc8 31. Rd1 Rc7 32. Kh2 Kg6 33. Kg3 Rcf7 34. f3 Rb5 35. Rd4 Ra5 36. b3 Raf5 {
Stellan gör vad han kan, men han kan inte förhindra vit från att sakta
förstärka sina pjäser. Den normala remiidén är att byta bönder på damflygeln,
vilket är i stort omöjligt här. men man bör åtminstone vara aktiv med bönderna,
eftersom passivitet förlorar.} 37. Ra4 b6 38. Rd4 R7f6 39. Rd7 a5 40. Re8 Rc5
41. Kg4 Rf4+ 42. Kh3 Rf6 43. Kg4 Rf4+ 44. Kg3 Rf6 45. Rg8+ Kh6 46. Kg4 Rf4+ 47.
Kh3 Rf6 48. Rgd8 Kg6 49. Rd6 Rcf5 50. Rxf6+ Rxf6 51. a4 Kh6 52. Rd5 Kg6 53. Rb5
Kh6 54. Kg4 Rf4+ 55. Kg3 Rf6 56. Kh3 Kg6 57. g3 Rxf3 58. Kg4 Rf6 59. Rxg5+ Kh6
{[#]Märkligt detta. I bulletin 10 talade vi lite om detta typslutpel och nu
har vi det här. Emanuel kommer in perfekt i ställningen. Svart har inget
aktivt torn och ej heller möjligheter att byta bönderna på damflygeln. Vit har
vinst. Vits vinstplan är att vinna damflygelbönderna.} 60. Rf5 Rd6 61. Kf4 Kg6
62. Ke4 Re6+ 63. Re5 Rd6 64. g4 Kf6 65. Rd5 Rc6 66. Rb5 Rd6 67. Rf5+ Kg6 68.
Ke5 Rc6 69. Kd4 Re6 70. Re5 Rf6 71. Kd5 Rf4 72. Kc6 Rxg4 73. Kxb6 Kf6 74. Rxa5
Ke6 75. Rb5 Kd7 76. Kb7 Rg7 77. Rb6 {Ett riktigt klassparti av Emanuel. Han
dominerade från början till slut utan att tappa uppmärksamhet!} 1-0